Optimalizácia voľby vykurovacích sústav pre halové objekty zásobované teplom zo sústav CZT. Vykurovanie halových objektov pomocou zavesených sálavých panelov : Edícia vedeckých prác - Zošit č.31
Saved in:
| Main Author: | |
|---|---|
| Format: | Book |
| Language: | Slovak |
| Published: |
Bratislava :
STU v Bratislave SvF,
2005
|
| Series: | Edícia vedeckých prác
Zošit č.31 |
| Tags: |
No Tags, Be the first to tag this record!
|
MARC
| LEADER | 00000nam a22000003a 4500 | ||
|---|---|---|---|
| 001 | stu119881 | ||
| 005 | 20160721135340.1 | ||
| 008 | 060605s2005----xo------------------slo-d | ||
| 020 | |a 80-227-2358-4 | ||
| 040 | |a STU |b slo | ||
| 041 | 0 | |a slo | |
| 044 | |a xo | ||
| 080 | |a 697.1 | ||
| 080 | |a 628.81 | ||
| 100 | 1 | |a Kovářová, Zuzana |4 aut |9 100 | |
| 245 | 1 | |a Optimalizácia voľby vykurovacích sústav pre halové objekty zásobované teplom zo sústav CZT. Vykurovanie halových objektov pomocou zavesených sálavých panelov : |b Edícia vedeckých prác - Zošit č.31 | |
| 260 | |a Bratislava : |b STU v Bratislave SvF, |c 2005 | ||
| 300 | |a 165 s.;obr.,tab.,schémy |c 10 príl. | ||
| 830 | 0 | |a Edícia vedeckých prác |v Zošit č.31 | |
| 996 | |b 284V040956 |c V* 3222/DP-1159 |l VVS |s P |a 0 |w stu119881_0005 | ||